Business in the 21st Century : Bus 111/112/115 (Record no. 2741)

MARC details
005 - DATE AND TIME OF LATEST TRANSACTION
control field 20250527133745.0
020 ## - INTERNATIONAL STANDARD BOOK NUMBER
International Standard Book Number 978-0-07-747300-6
082 ## - DEWEY DECIMAL CLASSIFICATION NUMBER
Classification number LECT 650 ETT
100 ## - MAIN ENTRY--PERSONAL NAME
Author name ETTL, R. E
245 ## - TITLE STATEMENT
Title Business in the 21st Century : Bus 111/112/115
260 ## - PUBLICATION, DISTRIBUTION, ETC.
Place of publication, distribution, etc. Boston,
Name of publisher, distributor, etc. McGraw-Hill,
Date of publication, distribution, etc. 2010.
300 ## - PHYSICAL DESCRIPTION
Extent xxxl, 567p.: ill.; figure, picture, table.
Dimensions 27cm.
700 ## - ADDED ENTRY--PERSONAL NAME
Other authors/Editors LASKOWSKI, R
942 ## - ADDED ENTRY ELEMENTS (KOHA)
Source of classification or shelving scheme Dewey Decimal Classification
Koha item type Books
Holdings
Date last seen Total checkouts Full call number Barcode Cost, replacement price Price effective from Koha item type Lost status Source of classification or shelving scheme Damaged status Not for loan Withdrawn status Home library Current library Shelving location Date acquired Cost, normal purchase price
05/27/2025   LECT 650 ETT 00000010284 150000.00 05/27/2025 Books   Dewey Decimal Classification       College of Business Education Main Library College of Business Education Main Library General Collection 11/28/2014 50000.00
05/28/2025   LECT 650 ETT 00000010361 150000.00 05/28/2025 Books   Dewey Decimal Classification       College of Business Education Main Library College of Business Education Main Library General Collection 11/28/2014 50000.00